Beginner's guide to getting published.
| Format: | Book |
|---|---|
| Published: |
Cincinnati, Ohio:
Writer's Digest Books,
1994.
|
| Subjects: |
| LEADER | 00436cam a2200145 7i4500 | ||
|---|---|---|---|
| 001 | 0000003610 | ||
| 005 | 19991025090000.0 | ||
| 002 | ##000004986 | ||
| 090 | 0 | 0 | |a B 808.02 |b BEG |
| 245 | 0 | 0 | |a Beginner's guide to getting published. |
| 260 | 0 | 0 | |a Cincinnati, Ohio: |b Writer's Digest Books, |c 1994. |
| 300 | 0 | 0 | |a 185p. |
| 650 | 0 | 0 | |a Publishers and publishing |
| 651 | 0 | 0 | |a United States of America |
| 999 | |a 0000005940 |b Book |c Open shelf |e Business Information Centre | ||